Fòrum de regidors i regidores de cultura : el cicle festiu com a punt de trobada de diferents realitats el cicle festiu com a punt de trobada de diferents realitats
Publicado:
Barcelona :
Diputació de Barcelona. Àrea de Cultura. Centre d'Estudis i Recursos Culturals ,
2009
Descripción Física:
37 p. ; 29 cm
Materias:
Festes majors -- Barcelona (Província)
MARC
| LEADER | 00000nam a2200000Ia 4500 | ||
|---|---|---|---|
| 001 | 21937 | ||
| 008 | 160829s2009 xx 000 0 cat d | ||
| 080 | |a FU-52-20 | ||
| 245 | |a Fòrum de regidors i regidores de cultura : |b el cicle festiu com a punt de trobada de diferents realitats | ||
| 260 | |a Barcelona : |b Diputació de Barcelona. Àrea de Cultura. Centre d'Estudis i Recursos Culturals, |c 2009 | ||
| 300 | |a 37 p. ; |c 29 cm | ||
| 590 | |a Bibliografia | ||
| 650 | |a Festes majors |x Barcelona (Província) |9 44553 | ||
| 710 | 1 | |a Barcelona (Catalunya : Província). |b Centre d'Estudis i Recursos Culturals |9 52487 | |
| 710 | 1 | |a Barcelona (Catalunya : Província). |b Àrea de Cultura |9 53536 | |
| 901 | |a Arxiu | ||
| 942 | |n 1 | ||
| 952 | |0 0 |1 0 |4 0 |6 FU5220 |7 1 |9 51998 |a Arxiu |b Arxiu |d 2016-12-01 |l 0 |o FU-52-20 |p 21937 |r 2016-12-01 00:00:00 |w 2016-12-01 |y ARXIU | ||
| 999 | |c 55845 |d 55845 | ||